00785cam a2200205 45000010005000000030008000050050017000130080039000300350019000690400032000880410008001200820025001281000022001532450134001752600042003093000037003515000107003885040050004956500034005459438BD-RjUL20211208234758.0140121t1963 nyua bd 001 0 eng a(BD-RjUL) 9483 aDLCcDLCdDLCdBD-RjULbeng aeng04216a539.14bHOA 19631 aHogerton, John F.14aThe atomic energy deskbook /cJohn F. Hogerton. Consultant, Edward A. Mason. Associates, Howard T. Phelan [and] Robert Tumbleson. aNew York,bReinhold Pub. Corp.cc1963 axiii, 673 p. :billus. ;c26 cm. a"Prepared under the auspices of the Division of Technical Information, U.S. Atomic Energy Commission." aIncludes Bibliographical reference and index. 0aNuclear energyxDictionaries.